Legislación bibliotecaria de América Latina : (Registro nro. 13599)

Detalles MARC
000 -LEADER
fixed length control field 00923nam a2200253 a 4500
001 - CONTROL NUMBER
control field
003 - CONTROL NUMBER IDENTIFIER
control field DO-SdBNP
005 - DATE AND TIME OF LATEST TRANSACTION
control field 20230206112417.0
008 - FIXED-LENGTH DATA ELEMENTS--GENERAL INFORMATION
fixed length control field 110404s1973 cl 000 | spa d
040 ## - CATALOGING SOURCE
Original cataloging agency BPMSU
Language of cataloging spa
Transcribing agency BPMSU
082 ## - DEWEY DECIMAL CLASSIFICATION NUMBER
Classification number 344.092
Item number R426L 1973
Edition number 22
110 2# - MAIN ENTRY--CORPORATE NAME
Corporate name or jurisdiction name as entry element República Dominicana.
240 10 - UNIFORM TITLE
Uniform title <a href="[Leyes, etc.]">[Leyes, etc.]</a>
245 10 - TITLE STATEMENT
Title Legislación bibliotecaria de América Latina :
Remainder of title República Dominicana /
Statement of responsibility, etc. recogida por Luis Florén Lozano ; con la colaboración de Próspero Mella Chavier ; introducción de Tomas Báez Díaz.
260 ## - PUBLICATION, DISTRIBUTION, ETC. (IMPRINT)
Place of publication, distribution, etc. Medellín, Colombia :
Name of publisher, distributor, etc. Universidad de Antioquia,
Date of publication, distribution, etc. 1973.
300 ## - PHYSICAL DESCRIPTION
Extent 98 p. ;
Dimensions 21 cm.
590 ## - LOCAL NOTE (RLIN)
Local note Inventariado,2021/VM
650 #4 - SUBJECT ADDED ENTRY--TOPICAL TERM
Topical term or geographic name as entry element Legislación bibliotecaria
Geographic subdivision República Dominicana
650 #4 - SUBJECT ADDED ENTRY--TOPICAL TERM
Topical term or geographic name as entry element Administración de bibliotecas
700 12 - ADDED ENTRY--PERSONAL NAME
Personal name Florén Lozano, Luis,
Relator term comp.
700 12 - ADDED ENTRY--PERSONAL NAME
Personal name Mella Chavier, Próspero,
Relator term col.
910 ## - USER-OPTION DATA (OCLC)
User-option data VMateo V.
942 ## - ADDED ENTRY ELEMENTS (KOHA)
Source of classification or shelving scheme Dewey Decimal Classification
Koha item type Libros
Existencias
Withdrawn status Lost status Source of classification or shelving scheme Damaged status Not for loan Collection code Home library Current library Date acquired Source of acquisition Total Checkouts Full call number Barcode Date last seen Price effective from Koha item type
    Dewey Decimal Classification     Colección Dominicana Biblioteca Pública Metropolitana Salomé Ureña Biblioteca Pública Metropolitana Salomé Ureña 07/22/2021 Manuel Ortiz   BPMSU CD 344.092 R426L 1973 BPMSU21070040 07/22/2021 07/22/2021 Libros